Microsoft Visual J # . Net (Record no. 8665)

MARC details
000 -LEADER
fixed length control field 00383nam a2200169Ia 4500
008 - FIXED-LENGTH DATA ELEMENTS--GENERAL INFORMATION
fixed length control field 221030s9999 xx 000 0 und d
020 ## - INTERNATIONAL STANDARD BOOK NUMBER
ISBN 0070533040
041 ## - LANGUAGE CODE
Language code of text/sound track or separate title
082 ## - DEWEY DECIMAL CLASSIFICATION NUMBER
Classification number 105.23
Item number Sha
100 ## - MAIN ENTRY--AUTHOR NAME
Personal name J. Sharp
245 #0 - TITLE STATEMENT
Title Microsoft Visual J # . Net
260 ## - PUBLICATION, DISTRIBUTION, ETC. (IMPRINT)
Name of publisher TMH
Place of publication New Delhi
Year of publication 2003
300 ## - PHYSICAL DESCRIPTION
Number of Pages 910
650 ## - SUBJECT ADDED ENTRY--TOPICAL TERM
Topical Term Computers
700 ## - ADDED ENTRY--PERSONAL NAME
Personal name A. Longshaw
942 ## - ADDED ENTRY ELEMENTS (KOHA)
Koha item type Books
Holdings
Accession Number Cost, normal purchase price Full call number Price effective from Koha item type Withdrawn / writtenoff status Materials specified (bound volume or other part) Damaged status Not for loan Permanent Location Current Location Shelving location Date acquired Lost/ Missing status department
M 493 595.00 105.23 Sha 10/30/2022 Books   Print     MIET Library, Jammu MIET Library, Jammu BL-Second, FL-1, CUP-25, SH-2, R-2 09/23/2005   MCA